[Event "Pune Rapid op 12th"]
[Site "Pune"]
[Date "2024.05.23"]
[Round "5"]
[White "Aditya, Savalkar"]
[Black "Ritviz, Parab"]
[Result "0-1"]
[WhiteElo "1877"]
[BlackElo "2189"]
[PlyCount "114"]
[EventDate "2024.05.23"]
[EventType "swiss (rapid)"]
[EventRounds "9"]
[EventCountry "IND"]
[SourceTitle "CBM 220 Extra"]
[Source "ChessBase"]
[SourceDate "2024.07.31"]
[SourceVersion "1"]
[SourceVersionDate "2024.07.31"]
[SourceQuality "1"]

1. e4 e5 2. Nf3 Nc6 3. Bc4 Nf6 4. d3 Be7 5. 0-0 0-0 6. Nc3 d6 7. h3 Na5 8. Bb3 a6 9. Re1 Nxb3 10. axb3 c5 11. Nh2 Be6 12. f4 exf4 13. Bxf4 d5 14. Nf3 dxe4 15. Nxe4 Nxe4 16. Rxe4 Bd5 17. Re1 Bf6 18. c3 Qb6 19. Nd2 Rfe8 20. Kh1 Rxe1+ 21. Qxe1 Bxb3 22. Ne4 Bd5 23. Nxf6+ Qxf6 24. Be3 Qf5 25. Kh2 Re8 26. Qg3 Qxd3 27. Re1 Qg6 28. Qxg6 hxg6 29. Bf2 Rxe1 30. Bxe1 f6 31. Kg3 Kf7 32. Kf2 Ke6 33. g3 Kf5 34. Ke3 Bg2 35. h4 Bd5 36. Bf2 b6 37. Be1 Kg4 38. Kf2 g5 39. hxg5 Kxg5 40. Bd2+ Kf5 41. Ke3 a5 42. Be1 a4 43. Bd2 b5 44. Kd3 Kg4 45. Bf4 Kf3 46. Bd6 Be4+ 47. Kd2 c4 48. Bc7 f5 49. Bf4 g6 50. Kd1 Bd3 51. Kd2 Kf2 52. Kd1 g5 53. Bxg5 Kxg3 54. Bf6 f4 55. Be5 Kf3 56. Ke1 Ke4 57. Kd2 Kxe5 0-1

[Event "Kolhapur Kulkarni Memorial"]
[Site "Kolhapur"]
[Date "2021.12.07"]
[Round "7"]
[White "Aditya, Savalkar"]
[Black "Pradeep, Tiwari"]
[Result "0-1"]
[WhiteElo "1666"]
[BlackElo "1887"]
[PlyCount "108"]
[EventDate "2021.12.04"]
[EventType "swiss"]
[EventRounds "10"]
[EventCountry "IND"]
[SourceTitle "EXT 2023"]
[Source "ChessBase"]
[SourceDate "2022.10.05"]
[SourceVersion "1"]
[SourceVersionDate "2022.10.05"]
[SourceQuality "1"]

1. e4 e5 2. Nf3 Nc6 3. Bc4 Be7 4. c3 Nf6 5. d3 d6 6. Bb3 0-0 7. Nbd2 Na5 8. Bc2 c5 9. Nf1 Ne8 10. Ne3 Be6 11. 0-0 Nc6 12. d4 cxd4 13. cxd4 exd4 14. Nxd4 Nxd4 15. Qxd4 Bf6 16. Qd3 g6 17. Bb3 Bg7 18. Rd1 a6 19. Rb1 Rc8 20. Bd2 Qh4 21. Nd5 Kh8 22. g3 Qd8 23. Bb4 b5 24. Ba3 Rb8 25. Bb4 a5 26. Bc3 a4 27. Bc2 Nf6 28. Nxf6 Bxf6 29. a3 Bxc3 30. Qxc3+ Kg8 31. Qb4 Rb6 32. Rd4 Qc7 33. Bd3 Qc5 34. Be2 Bb3 35. Bd1 Be6 36. Be2 Bb3 37. Bd1 Ba2 38. Ra1 Be6 39. Be2 Rc8 40. Rad1 Bb3 41. R1d2 Rcc6 42. Rxd6 Qc1+ 43. Kg2 Rxd6 44. Rxd6 Rxd6 45. Qxd6 Qxb2 46. Bxb5 Qc2 47. Qd3 Qc5 48. Kf3 Qxa3 49. Kf4 Qb4 50. Bc6 a3 51. Bd5 a2 52. Bxb3 a1Q 53. Qd5 Qf6+ 54. Kg4 Qf5+ 0-1

[Event "IND-ch U11 30th"]
[Site "India"]
[Date "2016.07.03"]
[Round "8"]
[White "Aditya, Savalkar"]
[Black "Ayush, Sharma"]
[Result "1-0"]
[WhiteElo "1483"]
[BlackElo "1454"]
[PlyCount "55"]
[EventDate "2016.06.28"]
[EventType "swiss"]
[EventRounds "11"]
[EventCountry "IND"]
[SourceTitle "CBM 173 Extra"]
[Source "ChessBase"]
[SourceDate "2016.08.29"]
[SourceVersion "1"]
[SourceVersionDate "2016.08.29"]
[SourceQuality "1"]

1. e4 e6 2. d4 d5 3. exd5 exd5 4. Bd3 Bd6 5. c3 c6 6. Qc2 Nf6 7. Bg5 h6 8. Bh4 0-0 9. Ne2 Re8 10. 0-0 Bxh2+ 11. Kh1 Bc7 12. Nd2 Bg4 13. f3 Be6 14. f4 Bg4 15. Nf3 Qd6 16. Ne5 Bh5 17. Ng3 Bg4 18. Rae1 Nbd7 19. Bf5 Bxf5 20. Nxf5 Qe6 21. Nxd7 Qxd7 22. Bxf6 Rxe1 23. Rxe1 gxf6 24. Re7 Qxe7 25. Nxe7+ Kf8 26. Nf5 Bxf4 27. Qb3 Re8 28. g3 1-0

[Event "Mumbai Wealth op U13"]
[Site "Mumbai"]
[Date "2016.02.04"]
[Round "8"]
[White "Aditya, Savalkar"]
[Black "Gukesh, Dommaraju"]
[Result "0-1"]
[WhiteElo "1549"]
[BlackElo "2041"]
[PlyCount "118"]
[EventDate "2016.01.28"]
[EventType "swiss"]
[EventRounds "9"]
[EventCountry "IND"]
[SourceTitle "CBM 170 Extra"]
[Source "ChessBase"]
[SourceDate "2016.02.25"]
[SourceVersion "1"]
[SourceVersionDate "2016.02.25"]
[SourceQuality "1"]

1. e4 d5 2. exd5 Nf6 3. d4 Bg4 4. Nf3 Qxd5 5. Be2 Nc6 6. h3 Bxf3 7. Bxf3 Qd7 8. c3 e5 9. dxe5 Qxd1+ 10. Bxd1 Nxe5 11. 0-0 0-0-0 12. b4 h6 13. Bb3 Rd7 14. Nd2 Nd3 15. Nf3 Ne4 16. Bd2 g5 17. Bc2 Bg7 18. Rad1 Rhd8 19. c4 f5 20. g4 fxg4 21. hxg4 Nxd2 22. Rxd2 Ne5 23. Rxd7 Nxf3+ 24. Kh1 Kxd7 25. Be4 Ne5 26. Rd1+ Ke7 27. Rxd8 Kxd8 28. Bxb7 Nxc4 29. Kg2 Ne5 30. f3 c6 31. Ba6 Bf8 32. a3 Kc7 33. Kf2 c5 34. bxc5 Bxc5+ 35. Ke2 Bxa3 36. Ke3 Kb6 37. Be2 Bc1+ 38. Kd4 Bf4 39. Kc3 Kc5 40. Bd1 a5 41. Be2 a4 42. Bd1 a3 43. Kb3 Kd4 44. Kxa3 Ke3 45. Kb3 Nxf3 46. Kc4 Ne5+ 47. Kd5 Kd2 48. Ba4 Nxg4 49. Ke4 h5 50. Kf3 Ne5+ 51. Kf2 g4 52. Be8 h4 53. Bh5 h3 54. Kg1 g3 55. Kh1 g2+ 56. Kg1 Be3+ 57. Kh2 g1Q+ 58. Kxh3 Bf4 59. Bf3 Qh2# 0-1

[Event "Mumbai Wealth op"]
[Site "Mumbai"]
[Date "2016.02.03"]
[Round "7"]
[White "Aditya, Savalkar"]
[Black "Om, Kharola"]
[Result "1/2-1/2"]
[WhiteElo "1549"]
[BlackElo "1803"]
[PlyCount "118"]
[EventDate "2016.01.28"]
[EventType "swiss"]
[EventRounds "9"]
[EventCountry "IND"]
[SourceTitle "CBM 170 Extra"]
[Source "ChessBase"]
[SourceDate "2016.02.25"]
[SourceVersion "1"]
[SourceVersionDate "2016.02.25"]
[SourceQuality "1"]

1. e4 e5 2. Nf3 Nc6 3. Bc4 Bc5 4. c3 Nf6 5. d3 a6 6. Bb3 Ba7 7. Qe2 d6 8. Be3 Nh5 9. Nbd2 h6 10. g3 Bxe3 11. Qxe3 Bh3 12. Qe2 Qd7 13. Bd5 Bg2 14. Rg1 Bh3 15. Nf1 Nf6 16. Ne3 g5 17. Nd2 h5 18. Nf3 Rg8 19. Nd2 0-0-0 20. 0-0-0 Ne7 21. Bxf7 Rgf8 22. Bc4 Ng4 23. f3 Nf6 24. d4 exd4 25. cxd4 d5 26. Bb3 Qc6+ 27. Bc2 g4 28. e5 gxf3 29. Nxf3 Ne4 30. Kb1 Bg4 31. Nxg4 hxg4 32. Bxe4 dxe4 33. Ng5 e3 34. Qxg4+ Kb8 35. Ne6 Rf2 36. Rc1 Qb5 37. Rc2 Qd3 38. Rgc1 e2 39. Re1 Rg8 40. Qh5 Nd5 41. Nc5 Qb5 42. Ne4 Qb4 43. Rcxe2 Rxe2 44. Qxe2 Qxd4 45. Nf6 Nxf6 46. exf6 Qxf6 47. Qe4 Rh8 48. Rh1 Qf2 49. Qc2 Qf3 50. Re1 Qh5 51. a3 Qd5 52. h4 Qf3 53. Rg1 Qe3 54. Rg2 Rf8 55. Qe2 Qb3 56. Rg1 Qb6 57. Rf1 Qg6+ 58. Ka1 Rxf1+ 59. Qxf1 Qxg3 1/2-1/2